|
|
|
|
| LEADER |
00000naa2a2200000 4500 |
| 001 |
381932 |
| 005 |
20231101062907.0 |
| 035 |
|
|
|a (RuTPU)RU\TPU\prd\5153
|
| 090 |
|
|
|a 381932
|
| 100 |
|
|
|a 20020625a2002 k y0rusy50 ca
|
| 101 |
0 |
|
|a rus
|
| 102 |
|
|
|a RU
|
| 200 |
1 |
|
|a Современные программные решения для нефтегазовой промышленности
|f Д. Борисов
|
| 225 |
1 |
|
|a Отечественная техника и технологии
|
| 461 |
|
1 |
|0 (RuTPU)RU\TPU\prd\1175
|x 0202-4578
|t Нефтегазовые технологии
|o научно-технический журнал
|f World Oil ; Pipe Line Industry ; Gulf Publishing Company
|d 1994-
|
| 463 |
|
1 |
|0 (RuTPU)RU\TPU\prd\3815
|t № 2
|v С. 7-9
|d 2002
|
| 610 |
1 |
|
|a нефтегазовая промышленность
|
| 610 |
1 |
|
|a компьютерные программы
|
| 610 |
1 |
|
|a программное обеспечение
|
| 700 |
|
1 |
|a Борисов
|b Д.
|
| 801 |
|
1 |
|a RU
|b 63413507
|c 20020625
|g PSBO
|
| 801 |
|
2 |
|a RU
|b 63413507
|c 20120112
|g PSBO
|
| 942 |
|
|
|c BK
|